| 000 | 00823nam a2200241 a 4500 | ||
|---|---|---|---|
| 001 | 000008906 | ||
| 003 | DO-SdBNP | ||
| 005 | 20240927073746.0 | ||
| 008 | 090921s1985 dr r 000 0 spa d | ||
| 040 |
_aDO-SdBNP _bspa _cBNPHU |
||
| 082 |
_aRD860.9 _bB171L, 1985 _222 |
||
| 100 | 1 |
_a Balaguer, Joaquín, _d1906-2002 _976556 |
|
| 245 | 1 | 0 |
_aLetras dominicanas / _cJoaquín Balaguer. |
| 250 | _a2a ed. | ||
| 260 |
_aSanto Domingo : _bEditorial de la Cruz Aybar, _c1985. |
||
| 300 |
_a351 p. ; _c22 cm. |
||
| 500 | _aIncluye referencias bibliográficas y notas al pie de las páginas | ||
| 590 | _aInventariado, 2018/BT | ||
| 650 | 1 | 4 |
_aLiteratura dominicana _xHistoria y critica _9159 |
| 650 | 1 | 4 |
_aLiteratura dominicana _xCrítica e interpretación _9216 |
| 910 | _aValidado. Control de calidad. MFF | ||
| 942 |
_2ddc _cLBS1 |
||
| 999 |
_c8675 _d8675 |
||